000 00762cam a22002531a 4500
999 _c7418
_d7418
001 8461252
003 GBCCL
005 20241126110627.0
008 830506s1965 tnu 000 0 eng
010 _a 65018867
035 _a(OCoLC)9486319
040 _aDLC
_cMoSpBB
_dDLC
042 _apremarc
050 0 0 _aBX6346.5
_b.G7
082 _a286.132
_bGRI
100 1 _aGrindstaff, Wilmer Ernest,
_d1912-
_913093
245 1 0 _aOur Cooperative program /
_cW. E. Grindstaff.
260 _aNashville, Tenn. :
_bConvention Press,
_cc1965.
300 _ax, 144 p. ;
_c19 cm.
610 2 0 _aSouthern Baptist Convention.
_bCooperative Program.
_913094
650 0 _aBaptists
_xMissions.
_92908
906 _a7
_bcbc
_coclcrpl
_du
_encip
_f19
_gy-gencatlg
942 _2ddc
_cBK